Logo BPK

Biblioteka

Politechniki Koszalińskiej

AutoCAD 13 / (Rekord nr 45288)

Szczegóły MARC
000 -ETYKIETA REKORDU
podpole kontrolne o stałej długości 00748nam a2200265 i 4500
001 - NUMER KONTROLNY REKORDU
pole kontrolne bg
020 ## - MIĘDZYNARODOWY ZNORMALIZOWANY NUMER KSIĄŻKI - ISBN
ISBN 8385701907
040 ## - ŹRÓDŁO KATALOGOWANIA
Instytucja, która utworzyła rekord BPK
041 0# - KOD JĘZYKA
Kod języka tekstu pl
080 ## - UNIWERSALNA KLASYFIKACJA DZIESIĘTNA - UKD
UKD 004.42:004.92:744](07)
920 ## - Międzynarodowy znormalizowany numer książki – ISBN
ISBN 83-85701-90-7
008 - POLE O STAŁEJ DŁUGOŚCI - DANE KONTROLNE
podpole kontrolne o stałej długości s pl f |000 0 pol
100 1# - NAZWA OSOBOWA
Nazwa osobowa PIKOŃ, Andrzej
245 10 - TYTUŁ/ODPOWIEDZIALNOŚĆ
Tytuł AutoCAD 13 /
Pozostałe elementy strefy tytułu i oznaczenia odpowiedzialności Andrzej Pikoń.
246 1# - WARIANT TYTUŁU
Tytuł AutoCAD wersja 13 PL
260 ## - STREFA ADRESU WYDAWNICZEGO
Miejsce wydania Gliwice :
Nazwa wydawcy/dystrybutora Helion,
Data publikacji, dystrybucji/powstania dokumentu 1996.
300 ## - STREFA OPISU FIZYCZNEGO
Objętość 889, [4] s. :
Inne cechy fizyczne rys. ;
Rozmiary 24 cm.
500 ## - UWAGI OGÓLNE
Tekst uwagi Tyt. okł. " AutoCAD wersja 13 PL".
630 09 - HASŁO PRZEDMIOTOWE W FORMIE TYTUŁU UJEDNOLICONEGO
Tytuł ujednolicony AutoCAD
650 #9 - HASŁO PRZEDMIOTOWE W FORMIE NAZWY OGÓLNEJ LUB JEDNOSTKOWEJ
Nazwa ogólna lub geograficzna Grafika komputerowa
Określnik ogólny stosowanie
-- rysunek techniczny
650 #9 - HASŁO PRZEDMIOTOWE W FORMIE NAZWY OGÓLNEJ LUB JEDNOSTKOWEJ
Nazwa ogólna lub geograficzna Projektowanie
Określnik ogólny automatyzacja
650 #9 - HASŁO PRZEDMIOTOWE W FORMIE NAZWY OGÓLNEJ LUB JEDNOSTKOWEJ
Nazwa ogólna lub geograficzna Rysunek techniczny
Określnik ogólny automatyzacja
655 ## - TERMIN INDEKSOWY - OKREŚLENIE RODZAJU/FORMY DOKUMENTU
Określenie rodzaju/formy dokumentu Podręczniki
856 ## - LOKALIZACJA I DOSTĘP DO ELEKTRONICZNYCH DOKUMENTÓW ZDALNYCH
Link (URL) http://koha.tu.koszalin.pl/cgi-bin/koha/opac-detail.pl?biblionumber=45288
Tekst linku Katalog online BPK
942 ## - DODATKOWE ELEMENTY (KOHA)
Typ dokumentu Książka
Egzemplarze
Wycofany Status egzemplarza Uszkodzony Dostępność Lokalizacja stała Lokalizacja bieżąca Miejsce przechowywania Sygnatura Kod kreskowy Typ dokumentu
      Dostępny Biblioteka Politechniki Koszalińskiej Biblioteka Politechniki Koszalińskiej Wypożyczalnia BG 73671 02214832 Książka
© 2023 Biblioteka Politechniki Koszalińskiej :: KOHA